书目信息 |
| 题名: |
代数与数论
|
|
| 作者: | 李超 , 周悦 编著 | |
| 分册: | ||
| 出版信息: | 北京 科学出版社 2018 |
|
| 页数: | 211页 | |
| 开本: | 24cm | |
| 丛书名: | 国防科技大学研究生数学公共课程系列教材 | |
| 单 册: | ||
| 中图分类: | O156.2 | |
| 科图分类: | ||
| 主题词: | 代数数论--dai shu shu lun--研究生--教材 | |
| 电子资源: | ||
| ISBN: | 978-7-03-057474-9 | |
| 000 | 01055nam 2200289 450 | |
| 001 | 012001001507 | |
| 005 | 20131108130855.0 | |
| 010 | @a978-7-03-057474-9@dCNY79.00 | |
| 099 | @aCAL 012018083586 | |
| 100 | @a20180703d2018 em y0chiy50 ea | |
| 101 | 0 | @achi |
| 102 | @aCN@b110000 | |
| 105 | @ay a 000yy | |
| 106 | @ar | |
| 200 | 1 | @a代数与数论@Adai shu yu shu lun@f李超, 周悦编著 |
| 210 | @a北京@c科学出版社@d2018 | |
| 215 | @a211页@d24cm | |
| 225 | 2 | @a国防科技大学研究生数学公共课程系列教材@Aguo fang ke ji da xue yan jiu sheng shu xue gong gong ke cheng xi lie jiao cai |
| 320 | @a有书目 | |
| 330 | @a本书以域的扩张理论为主线,通过介绍域扩张、伽罗瓦扩张、数域扩张和有限域扩张的基本理论与方法,为纠错编码与密码研究提供所必需的代数与数论方面的知识。 | |
| 410 | 0 | @12001 @a国防科技大学研究生数学公共课程系列教材 |
| 606 | 0 | @a代数数论@Adai shu shu lun@x研究生@j教材 |
| 690 | @aO156.2@v5 | |
| 701 | 0 | @a李超@Ali chao@4编著 |
| 701 | 0 | @a周悦@Azhou yue@4编著 |
| 801 | 0 | @aCN@b北京卓展@c20191020 |
| 905 | @b1198449-52@dO156.2@e130@f4 | |
| 代数与数论/李超, 周悦编著.-北京:科学出版社,2018 |
| 211页;24cm.-(国防科技大学研究生数学公共课程系列教材) |
| ISBN 978-7-03-057474-9:CNY79.00 |
| 本书以域的扩张理论为主线,通过介绍域扩张、伽罗瓦扩张、数域扩张和有限域扩张的基本理论与方法,为纠错编码与密码研究提供所必需的代数与数论方面的知识。 |
| ● |
| 相关链接 |
|
|
|
|
正题名:代数与数论
索取号:O156.2/130
 
预约/预借
| 序号 | 登录号 | 条形码 | 馆藏地/架位号 | 状态 | 备注 |
| 1 | 1198449 | 211984496 | 第二样本阅览室/ [索取号:O156.2/130] | 在馆 | |
| 2 | 1198450 | 211984502 | 第三借阅区/ [索取号:O156.2/130] | 在馆 | |
| 3 | 1198451 | 211984511 | 第三借阅区/ [索取号:O156.2/130] | 在馆 | |
| 4 | 1198452 | 211984520 | 第三借阅区/ [索取号:O156.2/130] | 在馆 |